The Fish Lands : German Trade with Iceland, Shetland and the Faroe Islands in the Late 15th and 16th Century.

Bibliographic Details
Main Author: Holterman, Bart.
Format: eBook
Language:English
Published: Berlin/München/Boston : Walter de Gruyter GmbH, 2020.
Edition:1st ed.
Subjects:
Online Access:Click to View
LEADER 01466nam a22003493i 4500
001 EBC7015255
003 MiAaPQ
005 20231204023225.0
006 m o d |
007 cr cnu||||||||
008 231204s2020 xx o ||||0 eng d
020 |a 9783110655575  |q (electronic bk.) 
035 |a (MiAaPQ)EBC7015255 
035 |a (Au-PeEL)EBL7015255 
035 |a (OCoLC)1330933877 
040 |a MiAaPQ  |b eng  |e rda  |e pn  |c MiAaPQ  |d MiAaPQ 
082 0 |a 382.0943 
100 1 |a Holterman, Bart. 
245 1 4 |a The Fish Lands :  |b German Trade with Iceland, Shetland and the Faroe Islands in the Late 15th and 16th Century. 
250 |a 1st ed. 
264 1 |a Berlin/München/Boston :  |b Walter de Gruyter GmbH,  |c 2020. 
264 4 |c {copy}2020. 
300 |a 1 online resource (530 pages) 
336 |a text  |b txt  |2 rdacontent 
337 |a computer  |b c  |2 rdamedia 
338 |a online resource  |b cr  |2 rdacarrier 
588 |a Description based on publisher supplied metadata and other sources. 
590 |a Electronic reproduction. Ann Arbor, Michigan : ProQuest Ebook Central, 2023. Available via World Wide Web. Access may be limited to ProQuest Ebook Central affiliated libraries.  
655 4 |a Electronic books. 
776 0 8 |i Print version:  |a Holterman, Bart  |t The Fish Lands  |d Berlin/München/Boston : Walter de Gruyter GmbH,c2020 
797 2 |a ProQuest (Firm) 
856 4 0 |u https://ebookcentral.proquest.com/lib/matrademy/detail.action?docID=7015255  |z Click to View